000 00158nam a22000857a 4500
082 _a823
100 _aLAURENT DE
245 _aBARBER LOSES HIS CROWN
942 _cBK
999 _c8148
_d8148